| 000 | 01146nac a22003011u 4500 | ||
|---|---|---|---|
| 003 | EG-ScBUE | ||
| 005 | 20220905102103.0 | ||
| 008 | 200219s1993 gw a f 000 0 eng d | ||
| 020 | _a3791312634 | ||
| 020 | _a9783791312637 | ||
| 040 |
_aEG-ScBUE _beng _erda _cEG-ScBUE _dEG-ScBUE |
||
| 043 | _ae-au--- | ||
| 082 | 0 | 4 |
_a720.1 _bEND _222 |
| 245 | 0 | 4 |
_aThe end of architecture? : _bdocuments and manifestos : Vienna architecture conference / _cedited by Peter Noever for the MAK-Austrian Museum of Applied Arts, Vienna ; with a foreword by Frank O. Gehry and contributions by Coop Himmelblau [and six others] |
| 264 | 1 |
_aMunich, Germany : _bPrestel-Verlag, _c1993. |
|
| 300 |
_a135 pages : _billustrations ; _c23 cm |
||
| 336 |
_2rdacontent _atext _btxt |
||
| 337 |
_2rdamedia _aunmediated _bn |
||
| 338 |
_2rdacarrier _avolume _bnc |
||
| 650 | 7 |
_aArchitecture _zAustria _zVienna. _2BUEsh |
|
| 651 | _2BUEsh | ||
| 653 | _bENGARC | ||
| 655 |
_vReading book _934232 |
||
| 700 | 1 |
_aNoever, Peter, _d1941- _eeditor. |
|
| 700 | 1 |
_aGehry, Frank O., _d1929- _eauthor of introduction, etc. |
|
| 710 | 2 |
_aCoop Himmelblau, _econtributor. |
|
| 942 |
_cBB _2ddc |
||
| 999 |
_c4475 _d4475 |
||